| 000 | 05444nam a2200253 4500 | ||
|---|---|---|---|
| 003 | vecauma | ||
| 005 | 20260313123427.0 | ||
| 007 | ta | ||
| 008 | 260313b ve ||||| |||| 00| 0 spa d | ||
| 020 | _a8497351754 | ||
| 040 |
_avecauma _bspa _cvecauma _dvecauma _erda |
||
| 041 | _aspa | ||
| 100 | 1 | _eautor | |
| 245 | 1 |
_aLa Gran diferencia _bCómo son realmente los cerebros de hombres y mujeres _c/Simón Baron-Cohen |
|
| 264 |
_aEspaña: _bAmat editorial; _c2003. |
||
| 300 | _a235 páginas. | ||
| 336 |
_atexto _btxt _2rdacontenido |
||
| 337 |
_ano mediado _bn _2rdamedio |
||
| 338 |
_avolumen _bnc _2rdasoporte |
||
| 505 | 0 | _a1. El cerebro masculino y femenino El cerebro de las mujeres: la empatía / El cerebro de los hombres: la sistematización / Sistematización versus empatía / Los tipos de cerebro masculino / El sexo no determina el tipo de cerebro / Marte y Venus / La política de estudiar las diferencias de sexo. / 2. Chico conoce chica. Álex: coches, fútbol, música y ordenadores / Hanna (la hermana de Alex): muñecas, peluches, animales y personas / 3. ¿Qué es la empatía? Los componentes de la empatía / 4. El cerebro femenino como motor de la empatía: la evidencia Diferentes estilos de juego / El trastorno de la conducta antisocial / El interés y el consuelo. / La teoría de la mente Juzgar una emoción / Las relaciones. / Los celos y las fantasías / La violación / El trastorno de la personalidad psicópata / La agresión. / El asesinato. / Establecer jerarquías de dominación / Los campamentos de verano / Introducirse en un grupo de desconocidos / La intimidad y el tamaño del grupo. / El juego de fingir ser alguien / La comunicación / Los estilos de ejercer el papel de padres. / Las miradas y la percepción facial. / El coeficiente de la empatía (CE) / La habilidad lingüística: čuna visión alternativa del cerebro femenino? / 5. ¿Qué es la sistematización? Los sistemas técnicos. / Los sistemas naturales / Los sistemas abstractos / Los sistemas sociales / Los sistemas organizables. / Los sistemas motores / 6. El cerebro masculino como sistematizador: la evidencia. Juego mecánico y estructural / Las matemáticas, la física y la ingeniería / Entender otros sistemas / Atención a los detalles. / Los sistemas que cambian de orientación o de topografía / Desarrollar y copiar un sistema / La sistematización del movimiento de un objeto: los dardos y las pelotas / La clasificación y los sistemas organizables / El cociente de sistematización (CS) / Los bebés: el test definitivo / 7. La cultura. Los estereotipos y las influencias culturales. / Los padres / Los estereotipos de género de los niños / La imitación y la práctica / Los papeles de cada género / 8. La biología De las ratas a los monos / Nivelar las hormonas / La testosterona y los dos hemisferios del cerebro / Navegar por el cerebro / Los genes / 9. La evolución del cerebro masculino y femenino Las ventajas del cerebro masculino. / El liderazgo / Las ventajas del cerebro femenino / ¿Alguna desventaja a la falta de sistematización? / La evolución del cerebro equilibrado / 10. El autismo: el cerebro extremo masculino El autismo / El síndrome de Asperger / El espectro del autismo. / Los adultos con el síndrome de Asperger. / La teoría del autismo relacionada con el cerebro extremo masculino / 11. Un profesor de matemáticas Los padres de Richard. / La innovación en Silicon Valley / La física. / Paul Dirac / Isaac Newton y Albert Einstein. / Michael Ventris: un astuto descifrador de códigos / 12. El cerebro extremo femenino: apostar por el futuro. El cerebro extremo femenino. / Los candidatos al cerebro extremo femenino. / Los nuevos contendientes. / El modelo. / La mente autista / La responsabilidad de las sociedades: intervenir o no intervenir / Ideas falsas / El respeto / | |
| 520 | 3 | _aQue hombres y mujeres piensan y se comportan de forma distinta es algo evidente y sobre lo que ya se ha dicho y escrito mucho. Ir al origen de esa diferencia es un paso más allá y este libro posee el mérito y la audacia de hacerlo de una forma brillante y fresca, rigurosa y definitiva. En el Simon Baron-Cohen, uno de los investigadores en psicología más brillantes de su generación, nos ofrece las claves para comprender la raíz de esta cuestión: la diferencia real y esencial entre los cerebros masculino y femenino y los que se derivan. La tesis de su autor da luz y pone sobre la mesa lo que es ante todo una evidencia científica, y su dimensión rompedora y controvertida se ve respaldada por años de investigaciones y experiencias. Le invitamos a iniciar este singular viaje en el que, a través de interesantes casos de estudio, el autor logra diseccionar cada tipo de cerebro. Entender el origen cerebral de nuestras diferencias nos ayudará, no solamente a comprender mejor a nuestra pareja y mejorar nuestra relación, sino también a resolver uno de los enigmas científicos más fascinantes y desconocidos. Simon Baron-Cohen es profesor en la Universidad de Cambridge de psicología y psiquiatría. También es director del Centro de Investigación del Autismo. Lleva más de veinte años realizando estudios sobre el autismo y las diferencias entre los sexos. | |
| 942 | 1 |
_2lcc _n0 _cBK |
|
| 999 |
_c13250 _d13250 |
||